01350nam a2200337 a 4500001001200000003000800012006001900020007001500039008004100054010001700095020003100112020002700143040002100170035002100191050002600212082001500238245011500253260005500368300002500423490003500448504005100483533015200534650002400686655002900710700002100739700002200760710001700782830006800799856012600867999001900993ebr10681189CaPaEBRm u cr cn|||||||||120222s2012 nyuad sb 001 0 eng d z 2011053523 z9781619429154 (soft cover) z9781619429161 (e-book) aCaPaEBRcCaPaEBR a(OCoLC)83162543114aQD281.P6bN443 2012eb04a547/.722300aNew developments in polymers researchh[electronic resource] /cEvan O. Bradley and Michelle I. Lane, editors. aHauppauge, N.Y. :bNova Science Publishers,c2012. aviii, 117 p. :bill.1 aPolymer science and technology aIncludes bibliographical references and index. aElectronic reproduction.bPalo Alto, Calif. :cebrary,d2013.nAvailable via World Wide Web.nAccess may be limited to ebrary affiliated libraries. 0aPolymersxResearch. 7aElectronic books.2local1 aBradley, Evan O.1 aLane, Michelle I.2 aebrary, Inc. 0aPolymer science and technology series (Nova Science Publishers)40uhttp://site.ebrary.com/lib/rucke/Doc?id=10681189zAn electronic book accessible through the World Wide Web; click to view c158937d158937